000 00453nam a2200181Ia 4500
001 16794
005 20260306170337.0
008 260306t2016||||xx |||||||||||||| ||und||
041 _aESP
082 _a657
_bM26 T. 2
100 _aMarengo Matute, Victor Enrique
_eAUT
245 0 _aContabilidad general:
_bteoría y práctica
260 _c2016
300 _a547 páginas :
_c24 cm.
650 _aGEN
654 _aCCO
942 _cLIB
_dJUS
_fJUS
_2ddc
_n
999 _c16794
_d16794